Pays frontaliers de la Chine - Mort subite - Statistiques

Statistiques générales
  • Ce quiz a été pris 89 336 fois
  • Le résultat moyen est 6 sur 14
Answers on the Grid
Answers color-coded by a green-red scale on the quiz's grid according to % correct below.
Mongolie
Russie
Inde
Birmanie
Kazakhstan
Corée du Nord
Viêt Nam
Népal
Kirghizistan
Pakistan
Bhoutan
Laos
Tadjikistan
Afghanistan
Corée du Sud
Japon
Thaïlande
Bangladesh
Ouzbékistan
Cambodge
Malaisie
Singapour
Iran
Irak
Turkménistan
Norvège
Indonésie
Azerbaïdjan
 
Statistiques - réponses
Réponse % Correct
Russie
65%
Mongolie
63%
Corée du Nord
58%
Inde
55%
Népal
54%
Viêt Nam
42%
Bhoutan
37%
Kazakhstan
32%
Laos
29%
Birmanie
27%
Pakistan
27%
Kirghizistan
23%
Afghanistan
21%
Tadjikistan
19%
Aucun quiz correspondant
Distribution des résultats
% des personnes avec chaque résultat
Percentile par nombre de réponses
Votre historique - résultats
Vous n’avez pas pris ce quiz